• 首页
  • 本馆介绍
  • 公告通知
  • 最新文献
  • 馆藏检索
  • 电子资源
  • 读者导购
  • 参考咨询
  • 我的图书馆
  • 登录
  • 详细信息显示
  • 放入我的书架
  • 预约/预借图书
  • 作者相关作品
  • 分类相关作品
  • 丛书相关作品
  • 出版社相关作品

书目信息

  • 表格格式
  • 工作单格式
  • 卡片格式
题名:
中国民族史研究
    
 
作者: ;中国社会科学院民族研究所 主编
分册:  
出版信息: 北京   中国社会科学出版社  1987
页数: 576页
开本: 20cm
丛书名:
单 册:
中图分类: K28-53
科图分类:
主题词: 中华民族--民族历史--文集 , 中华民族--民族志--文集
电子资源:
ISBN:
000 00761nam0 2200241 45
001 0187008791
005 20050415111818.9
010    @b精装@dCNY5.15
091    @a11190.186
100    @a19900830d1987 kemy0chiy0121 ea
101 0  @achi
102    @aCN@b110000
105    @af z 000yd
200 10 @a中国民族史研究@Azhong guo min zu shi yan jiu@f中国社会科学院民族研究所主编@FZhong Guo She Hui Ke Xue Yuan Min Zu Yan Jiu Suo Zhu Bian
210    @a北京@c中国社会科学出版社@d1987
215    @a576页@c照片@d20cm
606 0  @a中华民族@x民族历史@x文集
606 0  @a中华民族@x民族志@x文集
690    @aK28-53@v3
711 02 @a中国社会科学院民族研究所@4主编
801  0 @aCN@b深圳图书馆@c20040517
801  2 @aCN@bNLC@c20040517
905    @dK28-53@e25@b202664@f1
    
    中国民族史研究/中国社会科学院民族研究所主编.-北京:中国社会科学出版社,1987
    576页:照片;20cm
    
    
    ISBN (精装):CNY5.15
    
●
相关链接 在E读中查询图书 在五车中查询图书 在当当中查询图书 在豆瓣中查询图书


正题名:中国民族史研究     索取号:K28-53/25         预约/预借

序号 登录号 条形码 馆藏地/架位号 状态 备注
1 0202663   000356894   第二借阅区/ [索取号:K28-53/25] 在馆    
2 0202664   001996344   第二借阅区/ [索取号:K28-53/25] 在馆    
3 0202665   000356901   第二样本阅览室/ [索取号:K28-53/25] 在馆    
唐山师范学院图书馆 欢迎您!
大连网信软件有限公司© 版权所有